| 000 | 01126nas a2200325 4500 | ||
|---|---|---|---|
| 001 | BR2012002246 | ||
| 003 | BR-BrBNA | ||
| 005 | 20231205120345.0 | ||
| 007 | ta | ||
| 008 | 230509b bl.|||p| |||| 00| 00por d | ||
| 040 |
_aBR-BrBNA _bpor _cBiblioteca Nacional de Agricultura |
||
| 041 | _a(Pt) | ||
| 072 | _aF60; F01; F06 | ||
| 100 | 1 | _aPreza, D. de L.C. | |
| 100 | 1 | _aNogueira, T.F. | |
| 100 | 1 | _aAugusto, L.G. da S. | |
| 245 | 1 | _aCaracterização física e química do abacaxi sob densidades de plantio e laminas de irrigação no triângulo mineiro | |
| 246 | 1 | _aPhysical and chemical characterization of pineapple under planting density and irrigation levels in the Mineiro Triangle | |
| 650 | _aABACAXI | ||
| 650 | _aANANAS COMOSUS | ||
| 650 | _aDENSIDADE DE PLANTIO | ||
| 650 | _aANÁLISE FISICA | ||
| 650 | _aANÁLISE QUÍMICA | ||
| 650 | _aIRRIGAÇÃO | ||
| 650 | _aMINAS GERAIS | ||
| 773 | 0 |
_tMagistra (Brazil) _xISSN 2236-4420 _g(Oct-Dec 2011), v. 23(4) p. 175-185 _wBR2012002246 |
|
| 856 | 4 | 0 | _dLink DSPACE/MAPA BR2012002246 |
| 909 |
_a202311 _bLúcia _c55 _dLúcia Elande |
||
| 942 |
_2AGRIS _n0 _cANA |
||
| 999 |
_c218100 _d218100 |
||